Stitched #2 Love in the Time of Assumption /

Crimson Volania Mulch is still in pieces. Now she's on a date with Simon, the bioluminescent swamp bow. And just as she's about to have her first kiss: wham! They're interrupted by flying creatures and Crimson has to end the date to go off with Quinton, the mopey, mysterious, vampire...

Full description

Bibliographic Details
Corporate Author: Library Pass, LLC
Other Authors: McCourt, Mariah (writer.)
Format: eBook
Language:English
Published: [United States] : Papercutz, 2021.
Subjects:
Online Access:Connect to this electronic book (First time users create your free account)

MARC

Tag First Indicator Second Indicator Subfields
LEADER 00000nmm a22000001a 4500
001 in00004611921
006 m|||||o||m||||||||
007 cr|cn |||uuuuu
008 221118s2021 xxu||||do|||| ||||||eng d
005 20221207213700.4
035 |a (TxWaIVM)IV80793PaSt 
040 |a TxWaIVM  |c TxWaIVM 
245 0 0 |a Stitched #2 Love in the Time of Assumption /  |c powered by Library Pass. 
260 3 |a [United States] :  |b Papercutz,  |c 2021. 
300 |a 1 online resource. 
336 |a text  |b txt  |2 rdacontent 
337 |a computer  |b c  |2 rdamedia 
338 |a online resource  |b cr  |2 rdacarrier 
520 |a Crimson Volania Mulch is still in pieces. Now she's on a date with Simon, the bioluminescent swamp bow. And just as she's about to have her first kiss: wham! They're interrupted by flying creatures and Crimson has to end the date to go off with Quinton, the mopey, mysterious, vampire boy. What's making everything in Assumption go haywire? Who did she used to be and who is she now? Where is her mother? Who is her mother? And how exactly do you get flying octopods out of your hair, anyways? Sometimes you have to fall apart before you can be whole again. 
521 |a 2 
538 |a Requires a valid library card and registration for new users. 
538 |a Mode of access: World Wide Web. 
538 |a System requirements: Flash 10.1 or higher, Windows XP and higher, Internet Explorer 7 and higher, Firefox 3.6 and higher, Google Chrome; Max OS 10.5 and higher, Safari 4 and higher. 
650 0 |a Comic books, strips, etc. 
655 7 |a Electronic books.  |2 local 
655 7 |a Comic books, strips, etc.  |2 gsafd 
650 0 |a Animals 
655 7 |a Animals  |2 gsafd 
650 0 |a Fantasy comic books, strips, etc. 
655 7 |a Fantasy comic books, strips, etc.  |2 gsafd 
650 0 |a Comic books, strips, etc. --Fiction 
655 7 |a Comic books, strips, etc. --Fiction  |2 gsafd 
650 0 |a Suspense comic books, strips, etc. 
655 7 |a Suspense comic books, strips, etc.  |2 gsafd 
650 0 |a Romance comic books, strips, etc. 
655 7 |a Romance comic books, strips, etc.  |2 gsafd 
650 0 |a Fantasy comic books, strips, etc. 
655 7 |a Fantasy comic books, strips, etc.  |2 gsafd 
700 1 |a McCourt, Mariah.  |e writer. 
700 1 |a Alexovich, Aaron.  |e artist. 
710 2 |a Library Pass, LLC. 
856 4 0 |u http://proxy.library.tamu.edu/login?url=https://tamu.librarypass.com/product/com.iversecomics.papercutz.stitched.two.love.in.the.time.of.assumption.english.02092021  |z Connect to this electronic book (First time users create your free account)  |t 0 
955 |a Comics Plus. 
999 f f |s 7d2cf7bf-483c-4e27-a55c-f6056084f157  |i ca58736c-9e5b-4424-a2a5-a6d6cc0bcffd  |t 0 
952 f f |a Texas A&M University  |b College Station  |c Electronic Resources  |d Available Online  |t 0  |h Library of Congress classification 
998 f f |t 0  |l Available Online